Spoločná deklarácia potvrdzuje záujem oboch krajín o zónu voľného obchodu Zlatko Mateša: Slovensko-chorvátske hospodárske vzťahy sa rozvíjajú veľmi dobre

Bibliographic Details
Main Authors: Krajačičová, Dobroslava (Author), Mateša, Zlatko (Author)
Format: Article
Language:Slovak
PhysicalDescription:Fotogr. 1
Subjects:

MARC

LEADER 00000nab a2200000 a 4500
001 vtls000610489
003 SK-MaSNL
005 20260426072946.0
008 201103c1997 xo 0 slo
015 |a SNBRB19rr/mm-uuuuu 
035 |a CL0610628 
040 |a SNKBUCL  |b slo  |c SNKBUCL  |e AACR2 
041 0 |a slo 
044 |a xo  |c SK 
080 |a 327(437.6:497.13)  |2 1981 
080 |a 327(497.13:437.6)  |2 1981 
100 1 |a Krajačičová, Dobroslava  |4 aut  |9 274666 
245 1 0 |a Spoločná deklarácia potvrdzuje záujem oboch krajín o zónu voľného obchodu  |b Zlatko Mateša: Slovensko-chorvátske hospodárske vzťahy sa rozvíjajú veľmi dobre  |c Dobroslava Krajačičová 
300 |b Fotogr. 1 
650 0 7 |a zahraničná politika  |2 snkbucl  |9 971 
651 7 |a Slovensko  |2 SNKPHgeo  |9 14231 
651 7 |a Chorvátsko  |2 snkbucl  |9 16553 
655 7 |a články z novín a časopisov  |2 snkbucl  |9 267496 
700 1 |a Mateša, Zlatko  |4 aut  |9 1330662 
773 0 |t Slovenská republika  |g Roč. 5, č. 24 (30. 1. 1997), s. 1-2 
850 |a Slovenská národná knižnica v Martine  |a MTA001 
852 |a SNK  |b KIS3GCP 
958 |a SK 
958 |a HR 
958 |a RK 
958 |a RBX 
999 |c 2695513  |d 2697443